000
00291nam a2200121Ia 4500
008
190216s9999||||xx |||||||||||||| ||und||
100
_a
Guzhov Yu
245
0
_a
Genetics And Plant Breeding For Ariculture
260
_b
Mir Publishers
_c
1989
300
_a
280p
650
_a
Botany
942
_c
BK
999
_c
1430
_d
1430